| 000 | 00431cam a2200169ua 4500 | ||
|---|---|---|---|
| 003 | OSt | ||
| 008 | 241030b |||||||| |||| 00| 0 eng d | ||
| 020 | _a81-85167-32-X | ||
| 041 | _aeng | ||
| 082 |
_a621.47 _bMAT/RE |
||
| 100 | _aMathur, A.N . | ||
| 245 | _aRenewable energy and environment / | ||
| 260 |
_aNew Delhi : _bHimanshu Publications , _c1990. |
||
| 300 | _a522 ; . | ||
| 700 | 1 |
_aRathore, N.S . _95009 |
|
| 942 | _cBK | ||
| 999 |
_c10161 _d10161 |
||